000 00733nam a2200265Ia 4500
003 OSt
005 20220927110352.0
006 a|||||r|||| 00| 0
007 ta
008 220926b |||||||| |||| 00| 0 eng d
024 _a45272
037 _cReports
040 _aRTL
_cRTL
_beng
041 _2eng
_aeng
082 _a"X:8J.2.N7, L6"
100 _aKini N N
_9376898
245 0 _aReport
_b Social audit and the auditors
250 _a2th
260 _aCalcutta
_bBooks Corporation India
_c1976
300 _a154p. Appendix p143-54
_ccm.
650 _aAudit
_9353217
700 _a Kanodia G
_9376899
942 _h"X:8J.2.N7, L6"
_cCC
999 _c695917
_d695917